000 00175 a2200097 4500
020 _a0316780812
041 _aeng
100 _aShreve, Anita
245 _aSea Glass
942 _cBK
999 _c6034
_d6034